000 00624nam a22002177a 4500
003 UA-OsUOA
001 68132
007 ta
008 20100407b un ||||| |||| 00| 0 ukr d
100 _aДондюк А.
090 _a101
_bД67
942 _cSA
040 _aUA-OsUOA
_bukr
_cUA-OsUOA
_dUA-OsUOA
245 _aФеноменологія психозів. Спроби метафізичного наближення
300 _aС.143-147
955 _a0
041 _aukr
080 _a101
773 0 _w68129
_tФілософська думка
_dК.
_d2010
_g1
650 7 _a1 Філософські науки
_2UDC
999 _c354272
_d354272